[Event "Oberpfalz-ch M3"]
[Site "Bad Koetzting"]
[Date "2018.03.27"]
[Round "7"]
[White "Gleis, Wolfgang"]
[Black "Erhardt, Philipp"]
[Result "1-0"]
[WhiteElo "1590"]
[BlackElo "100"]
[PlyCount "71"]
[EventDate "2018.03.24"]
[EventType "swiss"]
[EventRounds "8"]
[EventCountry "GER"]
[SourceTitle "EXT 2020"]
[Source "ChessBase"]
[SourceDate "2019.10.17"]
[SourceVersion "1"]
[SourceVersionDate "2019.10.17"]
[SourceQuality "1"]

1. d4 Nf6 2. Nf3 d5 3. Bg5 Nc6 4. Nbd2 Bf5 5. c3 h6 6. Bh4 g5 7. Bg3 Nh5 8. e3 Bg7 9. Be5 Bg4 10. Bxg7 Nxg7 11. Qa4 Qd7 12. Bb5 a6 13. Ne5 Qd6 14. Bxc6+ bxc6 15. Nxg4 0-0 16. Ne5 c5 17. Qc6 Qxc6 18. Nxc6 e6 19. b4 c4 20. Ke2 Ne8 21. a4 Nd6 22. f3 Rae8 23. e4 h5 24. h4 Kg7 25. hxg5 Rh8 26. Rh4 Rh7 27. Rah1 Reh8 28. g4 hxg4 29. Rxh7+ Rxh7 30. Rxh7+ Kxh7 31. fxg4 Kg6 32. e5 Nc8 33. Nf3 Nb6 34. a5 Na4 35. Kd2 Kg7 36. Nb8 1-0